Problematika realizácie franchisingu v SR z hľadiska ekonomického a právneho diplomová práca

Gespeichert in:
Bibliographische Detailangaben
1. Verfasser: Jánošíková, Magdaléna
Körperschaft: Obchodná fakulta EU. Katedra obchodného práva
Weitere Verfasser: Sabo, Mikuláš
Format: Buch
Sprache:Slowakisch
Veröffentlicht: Bratislava 2014
Tags: Tag hinzufügen
Keine Tags, Fügen Sie das erste Tag hinzu!

MARC

LEADER 00000nbm a2200000 4500
001 0186269
005 20170201095917.5
041 0 |a slo 
044 |a SK 
245 1 0 |a Problematika realizácie franchisingu v SR z hľadiska ekonomického a právneho  |b diplomová práca  |c Magdaléna Jánošíková ; školiteľ: Mikuláš Sabo 
264 1 |a Bratislava  |c 2014 
300 |a 89 s. 
100 1 |a Jánošíková, Magdaléna 
700 1 |a Sabo, Mikuláš 
710 2 |a Obchodná fakulta EU. Katedra obchodného práva